Quiz o powiecie bialskim - Statystyki

Ogólne statystyki
  • Ten quiz został rozwiązany 6 razy
  • Średni wynik to 12 z 20
Statystyki odpowiedzi
Wskazówka Odpowiedź % Poprawnych
Siedziba powiatu Biała Podlaska
100%
Jakie państwo sąsiaduje z powiatem bialskim? Białoruś
100%
Jakie powiaty z województwa lubelskiego sąsiadują z powiatem bialskim? miasto {Biała Podlaska}
100%
Jakie 3 miasta znajdują się w tym powiecie? Terespol
100%
Tablice rejestracyjne w powiecie LBI
80%
Jakie 3 miasta znajdują się w tym powiecie? Międzyrzec Podlaski
80%
Liczba gmin wiejskich w powiecie 16
60%
Jakie ponad trzystutysięczne miasto leży przy granicy z powiatem bialskim? Brześć
60%
Jaka wieś w tym powiecie otrzyma prawa miejskie w 2026 roku? Janów Podlaski
60%
Jakie powiaty z województwa mazowieckiego sąsiadują z powiatem bialskim? siedlecki
60%
Jakie powiaty z województwa mazowieckiego sąsiadują z powiatem bialskim? łosicki
40%
Jakie powiaty z województwa lubelskiego sąsiadują z powiatem bialskim? łukowski
40%
Jakie powiaty z województwa lubelskiego sąsiadują z powiatem bialskim? parczewski
40%
Jakie 3 miasta znajdują się w tym powiecie? Piszczac
40%
Jakie powiaty z województwa lubelskiego sąsiadują z powiatem bialskim? radzyński
40%
Jaki powiat z województwa podlaskiego sąsiaduje z powiatem bialskim? siemiatycki
40%
W liście największych powiatów w Polsce, zajmuje on {trzecie} miejsce
40%
Ulica na której znajduje się urząd powiatu Ulica {Brzeska}
40%
Jakie powiaty z województwa lubelskiego sąsiadują z powiatem bialskim? włodawski
40%
Starosta powiatu Mariusz Filipiuk
20%
Nie znaleziono quizów pasujących do podanych kryteriów
Rozkład punktacji
Procent ludzi z każdym wynikiem
Percentyl według liczby udzielonych odpowiedzi
Twoja historia wyników
Nie rozwiązałeś tego quizu